[Event "ESP-ch U14"]
[Site "Salobrena"]
[Date "2023.07.17"]
[Round "2"]
[White "Villa Tornero, Alex"]
[Black "Menendez Perez, Miguel"]
[Result "1-0"]
[WhiteElo "2103"]
[BlackElo "1675"]
[PlyCount "135"]
[EventDate "2023.07.17"]
[EventType "swiss"]
[EventRounds "9"]
[EventCountry "ESP"]
[SourceTitle "EXT 2024"]
[Source "ChessBase"]
[SourceDate "2023.10.10"]
[SourceVersion "1"]
[SourceVersionDate "2023.10.10"]
[SourceQuality "1"]

1. e4 e5 2. Nf3 Nc6 3. Bb5 a6 4. Ba4 Nf6 5. 0-0 b5 6. Bb3 Bc5 7. a4 Rb8 8. c3 d6 9. d4 Bb6 10. a5 Ba7 11. h3 0-0 12. Be3 Qe7 13. Re1 h6 14. Nbd2 Re8 15. Nf1 Kh7 16. Ng3 g6 17. Bd5 exd4 18. cxd4 Bb7 19. Bxc6 Bxc6 20. Bxh6 Qd7 21. Bf4 Kg7 22. d5 Bb7 23. Qd2 Ng8 24. h4 f6 25. h5 g5 26. Nf5+ Kh7 27. Bxg5 Ne7 28. Nxe7 Qxe7 29. Bh4 Qg7 30. Qf4 Rg8 31. Qf5+ Kh6 32. g3 Bc8 33. Qf4+ Kh7 34. Rac1 Rb7 35. Kg2 Qg4 36. Qxg4 Bxg4 37. b4 Bxh5 38. Rc3 Rf8 39. Rec1 Rf7 40. Rc6 Kg6 41. Rxa6 Kg7 42. Rac6 Bg6 43. a6 Rb6 44. Rxc7 Rxa6 45. Rxf7+ Bxf7 46. Rc7 Ra4 47. g4 Rxb4 48. Rxa7 Rxe4 49. Kg3 Kg6 50. Rd7 Bxd5 51. Rxd6 Be6 52. Rd4 Re2 53. Rf4 Bd5 54. Rxf6+ Kg7 55. Rb6 Bc4 56. Bf6+ Kf8 57. Ne5 Bf7 58. Rxb5 Rc2 59. Nxf7 Kxf7 60. Bd4 Rc4 61. Be3 Rc3 62. Rc5 Rd3 63. Kf4 Rd6 64. f3 Rd3 65. Re5 Rb3 66. Kf5 Rd3 67. f4 Rd6 68. Re7+ 1-0

[Event "ESP-ch U14"]
[Site "Salobrena"]
[Date "2022.07.21"]
[Round "6"]
[White "Menendez Perez, Miguel"]
[Black "Fuentes Guinot, Alejandro"]
[Result "1-0"]
[WhiteElo "1637"]
[BlackElo "1824"]
[PlyCount "55"]
[EventDate "2022.07.18"]
[EventType "swiss"]
[EventRounds "9"]
[EventCountry "ESP"]
[SourceTitle "EXT 2023"]
[Source "ChessBase"]
[SourceDate "2022.10.05"]
[SourceVersion "1"]
[SourceVersionDate "2022.10.05"]
[SourceQuality "1"]

1. e4 e5 2. d4 exd4 3. Qxd4 Nc6 4. Qe3 Nf6 5. Nc3 Bb4 6. Bd2 0-0 7. 0-0-0 Re8 8. Bc4 d6 9. Nf3 Bf5 10. Qf4 Bg6 11. Rhe1 Bxc3 12. Bxc3 Rxe4 13. Rxe4 Nxe4 14. Bxf7+ Bxf7 15. Qxe4 Qe7 16. Qg4 Be6 17. Qg3 Bf5 18. Re1 Qf7 19. Nh4 Bd7 20. Nf3 Rf8 21. Kb1 b5 22. b3 a5 23. h4 a4 24. h5 axb3 25. cxb3 Bf5+ 26. Kc1 Ra8 27. Qg5 Rxa2 28. Re8+ 1-0

[Event "ESP-ch U12"]
[Site "Salobrena"]
[Date "2020.07.30"]
[Round "6"]
[White "Burgui Bueno, Juan"]
[Black "Menendez Perez, Miguel"]
[Result "0-1"]
[WhiteElo "1205"]
[BlackElo "1542"]
[PlyCount "52"]
[EventDate "2020.07.27"]
[EventType "swiss"]
[EventRounds "9"]
[EventCountry "ESP"]
[SourceTitle "EXT 2021"]
[Source "ChessBase"]
[SourceDate "2020.10.23"]
[SourceVersion "1"]
[SourceVersionDate "2020.10.23"]
[SourceQuality "1"]

1. e4 e5 2. Nf3 Nc6 3. Bc4 Bc5 4. Nc3 Nf6 5. d3 d6 6. h3 Be6 7. Bb3 Qe7 8. Be3 Bb6 9. Qe2 Qd7 10. Nd5 Bxd5 11. Bxd5 Nxd5 12. exd5 Ne7 13. c4 0-0 14. 0-0 Nf5 15. Bxb6 axb6 16. b3 Ne7 17. Qe4 f5 18. Qe2 Ng6 19. Ng5 Nf4 20. Qd1 h6 21. Nf3 e4 22. dxe4 fxe4 23. Nd4 Rf6 24. Kh2 Rg6 25. Rg1 Rxg2+ 26. Rxg2 Qxh3+ 0-1

[Event "ESP-ch U12"]
[Site "Salobrena"]
[Date "2020.07.27"]
[Round "1"]
[White "Menendez Perez, Miguel"]
[Black "Corchon Granero, Mateo"]
[Result "1-0"]
[WhiteElo "1542"]
[BlackElo "1184"]
[PlyCount "83"]
[EventDate "2020.07.27"]
[EventType "swiss"]
[EventRounds "9"]
[EventCountry "ESP"]
[SourceTitle "EXT 2021"]
[Source "ChessBase"]
[SourceDate "2020.10.23"]
[SourceVersion "1"]
[SourceVersionDate "2020.10.23"]
[SourceQuality "1"]

1. e4 e5 2. Nf3 Nc6 3. Bc4 Nf6 4. d3 d6 5. h3 Be7 6. Nc3 0-0 7. 0-0 Be6 8. Bb3 h6 9. Be3 Qd7 10. Qe2 Rfe8 11. Rfe1 Bf8 12. Red1 Rad8 13. d4 exd4 14. Nxd4 Bxb3 15. axb3 Nxe4 16. Nxe4 Rxe4 17. Qd3 Ree8 18. Nxc6 Qxc6 19. Rxa7 Ra8 20. Rda1 b6 21. R7a4 g6 22. Bd4 Bg7 23. Kh2 Ra5 24. Rxa5 bxa5 25. Bxg7 Kxg7 26. Rxa5 Qb6 27. Qd2 Re6 28. Rd5 Qa6 29. Rd3 Qb5 30. Re3 Rf6 31. Qc3 Qf5 32. Rf3 Qg5 33. Rxf6 Qxf6 34. Kg3 Qxc3+ 35. bxc3 Kf6 36. Kf4 Ke6 37. Ke4 d5+ 38. Kd4 Kd6 39. b4 c6 40. c4 f6 41. cxd5 cxd5 42. b5 1-0